<?xml version="1.0" encoding="UTF-8"?>
<record
    xmlns:xsi="http://www.w3.org/2001/XMLSchema-instance"
    xsi:schemaLocation="http://www.loc.gov/MARC21/slim http://www.loc.gov/standards/marcxml/schema/MARC21slim.xsd"
    xmlns="http://www.loc.gov/MARC21/slim">

  <leader>01641nam a2200349 a 4500</leader>
  <controlfield tag="001">000047493</controlfield>
  <controlfield tag="003">DO-SdBNP</controlfield>
  <controlfield tag="005">20240305124236.0</controlfield>
  <controlfield tag="007">ta</controlfield>
  <controlfield tag="008">150602s2017    dr      r     000 0 spa d</controlfield>
  <datafield tag="020" ind1=" " ind2=" ">
    <subfield code="a">9789945590593</subfield>
  </datafield>
  <datafield tag="040" ind1=" " ind2=" ">
    <subfield code="a">DO-SdBNP</subfield>
    <subfield code="b">spa</subfield>
    <subfield code="c">BNPHU</subfield>
  </datafield>
  <datafield tag="082" ind1=" " ind2="4">
    <subfield code="2">22</subfield>
  </datafield>
  <datafield tag="245" ind1="0" ind2="0">
    <subfield code="a">Nueve voces contando hasta diez :</subfield>
    <subfield code="b">antolog&#xED;a de cuentos premiados /</subfield>
    <subfield code="c">Johanna D&#xED;az L&#xF3;pez...[et al.].</subfield>
  </datafield>
  <datafield tag="260" ind1=" " ind2=" ">
    <subfield code="a">Santo Domingo :</subfield>
    <subfield code="b">FUNGLODE,</subfield>
    <subfield code="c">2017.</subfield>
  </datafield>
  <datafield tag="300" ind1=" " ind2=" ">
    <subfield code="a">133 p. ;</subfield>
    <subfield code="c">24 cm.</subfield>
  </datafield>
  <datafield tag="490" ind1="1" ind2=" ">
    <subfield code="a">Premios FUNGLODE/ GFDD ;</subfield>
    <subfield code="a">Cuentos ;</subfield>
  </datafield>
  <datafield tag="500" ind1=" " ind2=" ">
    <subfield code="a">10m. aniversario de premios FUNGLODE</subfield>
  </datafield>
  <datafield tag="505" ind1="0" ind2=" ">
    <subfield code="g">Pre&#xE1;mbulo --</subfield>
    <subfield code="g">2007 --</subfield>
    <subfield code="t">Silverio de tal --</subfield>
    <subfield code="r">Johanna D&#xED;az L&#xF3;pez / --</subfield>
    <subfield code="g">2008 --</subfield>
    <subfield code="t">Men&#xFA; para dos --</subfield>
    <subfield code="r">Gerhard Viktor Schmidt Haberl /</subfield>
    <subfield code="g">2009 --</subfield>
    <subfield code="t">La casa solariega --</subfield>
    <subfield code="r">Juan Freddy Armando /</subfield>
    <subfield code="g">2010 --</subfield>
    <subfield code="t">El intercambio --</subfield>
    <subfield code="r">Fanny Vargas Bautista /</subfield>
    <subfield code="g">2011 --</subfield>
    <subfield code="t">El mu&#xF1;eco de trapos --</subfield>
    <subfield code="r">Nan Chevalier /</subfield>
    <subfield code="g">2012 --</subfield>
    <subfield code="t">La verdadera muerte de Pedro Henr&#xED;quez Ure&#xF1;a --</subfield>
    <subfield code="r">Fernando Berroa /</subfield>
    <subfield code="g">2013 --</subfield>
    <subfield code="t">El cali&#xE9; --</subfield>
    <subfield code="r">F&#xE9;lix Ger&#xF3;nimo /</subfield>
    <subfield code="g">2014 --</subfield>
    <subfield code="t">Con la misma moneda --</subfield>
    <subfield code="r">Vladimir Tatis P&#xE9;rez /</subfield>
    <subfield code="g">2015 --</subfield>
    <subfield code="t">El s&#xED;ndrome de Heinz --</subfield>
    <subfield code="r">Leo Silverio /</subfield>
  </datafield>
  <datafield tag="590" ind1=" " ind2=" ">
    <subfield code="a">Inventariado, 2018/ YL</subfield>
  </datafield>
  <datafield tag="700" ind1="1" ind2=" ">
    <subfield code="a">D&#xED;az L&#xF3;pez, Johanna</subfield>
    <subfield code="9">75119</subfield>
  </datafield>
  <datafield tag="700" ind1="1" ind2=" ">
    <subfield code="a">Schmidt Haberl, Gerhard Viktor</subfield>
    <subfield code="9">75120</subfield>
  </datafield>
  <datafield tag="700" ind1="1" ind2=" ">
    <subfield code="a">Armando, Juan Freddy</subfield>
    <subfield code="9">24389</subfield>
  </datafield>
  <datafield tag="700" ind1="1" ind2=" ">
    <subfield code="a">Vargas Bautista, Fanny</subfield>
    <subfield code="9">75121</subfield>
  </datafield>
  <datafield tag="700" ind1="1" ind2=" ">
    <subfield code="a">Chevalier, Nan,</subfield>
    <subfield code="d">1965-</subfield>
    <subfield code="9">350</subfield>
  </datafield>
  <datafield tag="700" ind1="1" ind2=" ">
    <subfield code="a">Berroa, Fernando</subfield>
    <subfield code="9">43136</subfield>
  </datafield>
  <datafield tag="700" ind1="1" ind2=" ">
    <subfield code="a">Ger&#xF3;nimo, F&#xE9;lix</subfield>
    <subfield code="9">69852</subfield>
  </datafield>
  <datafield tag="700" ind1="1" ind2=" ">
    <subfield code="a">Tatis P&#xE9;rez, Vladimir</subfield>
    <subfield code="9">74011</subfield>
  </datafield>
  <datafield tag="700" ind1="1" ind2=" ">
    <subfield code="a">Silverio, Leo</subfield>
    <subfield code="9">75122</subfield>
  </datafield>
  <datafield tag="830" ind1=" " ind2="0">
    <subfield code="a">Premios FUNGLODE/ GFDD</subfield>
    <subfield code="g">Cuentos</subfield>
    <subfield code="9">75123</subfield>
  </datafield>
  <datafield tag="942" ind1=" " ind2=" ">
    <subfield code="2">ddc</subfield>
    <subfield code="c">LBS1</subfield>
  </datafield>
  <datafield tag="952" ind1=" " ind2=" ">
    <subfield code="0">0</subfield>
    <subfield code="1">0</subfield>
    <subfield code="2">ddc</subfield>
    <subfield code="5">6</subfield>
    <subfield code="7">0</subfield>
    <subfield code="8">DS</subfield>
    <subfield code="a">BNPHU</subfield>
    <subfield code="b">BNPHU</subfield>
    <subfield code="c">CT</subfield>
    <subfield code="d">2018-06-27</subfield>
    <subfield code="p">47493-30</subfield>
    <subfield code="r">2020-06-25</subfield>
    <subfield code="t">e. 3</subfield>
    <subfield code="w">2020-06-25</subfield>
    <subfield code="y">LBS1</subfield>
  </datafield>
  <datafield tag="952" ind1=" " ind2=" ">
    <subfield code="0">0</subfield>
    <subfield code="1">0</subfield>
    <subfield code="2">ddc</subfield>
    <subfield code="5">3</subfield>
    <subfield code="7">0</subfield>
    <subfield code="8">PD</subfield>
    <subfield code="a">BNPHU</subfield>
    <subfield code="b">BNPHU</subfield>
    <subfield code="c">HD</subfield>
    <subfield code="d">2018-06-07</subfield>
    <subfield code="p">47493-10</subfield>
    <subfield code="r">2020-06-25</subfield>
    <subfield code="w">2020-06-25</subfield>
    <subfield code="y">LBS1</subfield>
  </datafield>
  <datafield tag="952" ind1=" " ind2=" ">
    <subfield code="0">0</subfield>
    <subfield code="1">0</subfield>
    <subfield code="2">ddc</subfield>
    <subfield code="5">3</subfield>
    <subfield code="7">0</subfield>
    <subfield code="8">PD</subfield>
    <subfield code="a">BNPHU</subfield>
    <subfield code="b">BNPHU</subfield>
    <subfield code="c">HD</subfield>
    <subfield code="d">2018-06-07</subfield>
    <subfield code="p">47493-20</subfield>
    <subfield code="r">2020-06-25</subfield>
    <subfield code="t">e. 2</subfield>
    <subfield code="w">2020-06-25</subfield>
    <subfield code="y">LBS1</subfield>
  </datafield>
  <datafield tag="952" ind1=" " ind2=" ">
    <subfield code="0">0</subfield>
    <subfield code="1">0</subfield>
    <subfield code="2">ddc</subfield>
    <subfield code="5">6</subfield>
    <subfield code="7">0</subfield>
    <subfield code="8">DS</subfield>
    <subfield code="a">BNPHU</subfield>
    <subfield code="b">BNPHU</subfield>
    <subfield code="c">CT</subfield>
    <subfield code="d">2022-05-03</subfield>
    <subfield code="e">Donaci&#xF3;n</subfield>
    <subfield code="l">0</subfield>
    <subfield code="p">2022-1726</subfield>
    <subfield code="r">2022-05-03</subfield>
    <subfield code="t">e.4</subfield>
    <subfield code="w">2022-05-03</subfield>
    <subfield code="y">LBS1</subfield>
  </datafield>
  <datafield tag="999" ind1=" " ind2=" ">
    <subfield code="c">46981</subfield>
    <subfield code="d">46981</subfield>
  </datafield>
</record>
